01871na a2200409 450000100060000000300080000600500170001400800410003103500100007204000250008204100080010708200300011509000290014510000410017411100660021522200850028124501570036624600400052324600620056326000220062530000180064749000400066560000660070561000530077161000640082465100470088865700390093565700220097474000400099674000340103683000200107094200130109095201110110395201160121495201160133099900150144618116MIRAKIL20181213155130.0161111b tu 000 0  a18116 aMilasbturcTR-AnCHP atur aCHP 324.2372bÖ95c 1999 aCHP 324.2372 Ö95c 1999 aÖymen, AltancCHP Genel Başkanı aCHP Olağanüstü KurultayıcAnkarad26 Haziran 1999n10. aCHP Genel Başkanı Altan Öymen'in 10. Olağanüstü Kurultay konuşması aCumhuriyet Halk Partisi Genel Başkanı Altan Öymen'in 10. olağanüstü kurultay konuşmasıb26 Haziran 1999, Ankarac[Cumhuriyet Halk Partisi] aCHP 10. Olağanüstü Kurultayı a10. Olağanüstü Kurultay genel başkan konuşması aAnkarabCHPc1999 a16 s.c29 sm. aCumhuriyet Halk Partisi yayınları aÖymen, AltancCHP Genel BaşkanıxKurultay konuşmaları aCumhuriyet Halk PartisixKurultay konuşmaları aCumhuriyet Halk PartisixOlağanüstü kurultaylar, 1999 aTürkiyexSiyaset ve yönetimy1999-2002 aCHP olağanüstü kurultayları aCHP kurultayları aCHP 10. Olağanüstü Kurultayı a10. Olağanüstü Kurultay aCHP yayınları 2dcccBKS a0001b0001d2016-11-11e2l0oCHP 324.2372 Ö95c 1999p009378r2016-11-11 00:00:00v0.00w2016-11-11yBKS a0001b0001d2016-11-11e2l0oCHP 324.2372 Ö95c 1999p009411r2016-11-11 00:00:00tk.2v0.00w2016-11-11yBKS a0001b0001d2016-11-11e2l0oCHP 324.2372 Ö95c 1999p009412r2016-11-11 00:00:00tk.3v0.00w2016-11-11yBKS c7163d7163